MAASAI MARA UNIVERSITY

LIBRARY CATALOGUE

Contact Us: +254 020 2685356/7 or 0774 057787

Box: 861-20500, NAROK, KENYA

Email: info@mmarau.ac.ke

Kedward, Keith T (Record no. 5244)

MARC details
000 -LEADER
fixed length control field 00370nam a2200133Ia 4500
008 - FIXED-LENGTH DATA ELEMENTS--GENERAL INFORMATION
fixed length control field 151015s9999 xx 000 0 und d
020 ## - INTERNATIONAL STANDARD BOOK NUMBER
International Standard Book Number 877627037
050 ## - LIBRARY OF CONGRESS CALL NUMBER
Classification number NA2750 .D416 1990
245 ## - TITLE STATEMENT
Title Kedward, Keith T
250 ## - EDITION STATEMENT
Edition statement _Design studies vol 5 Keith D. Kedward
300 ## - PHYSICAL DESCRIPTION
Extent Pennysylvania Technomic 1990
650 ## - SUBJECT ADDED ENTRY--TOPICAL TERM
Topical term or geographic name as entry element _Design
700 ## - ADDED ENTRY--PERSONAL NAME
Personal name ^d20130614 12:09:15^oanne

No items available.

© 2016 Maasai Mara University.